Animals by emoji #5 - Statistics

General Stats
  • This quiz has been taken 47 times
  • The average score is 12 of 15
Answer Stats
Hint Answer % Correct
๐Ÿ„ Cow
97%
๐Ÿ˜ Elephant
97%
๐Ÿฆ’ Giraffe
97%
๐Ÿช Camel
95%
๐Ÿ Goat
95%
๐Ÿฆ Rhino
95%
๐Ÿ‘ Sheep
95%
๐Ÿฆ˜ Kangaroo
92%
๐Ÿฆ› Hippo
87%
๐ŸฆŒ Deer
82%
๐Ÿฆ™ Llama
79%
๐Ÿฆฌ Bison
68%
๐Ÿƒ Buffalo
61%
๐Ÿ‚ Ox
42%
๐Ÿ“ Cockerel
13%
No matching quizzes found
Score Distribution
Percent of People with Each Score
Percentile by Number Answered
Your Score History
You have not taken this quiz